History Quiz

Random History or Year Quiz

Sovereign States of the World: 1940 Quiz Stats

Quiz not verified by Sporcle

Challenge
Share
Tweet
Embed
Score 0/76 Timer 09:00
0 Plays Today
Status/Government Style Sovereign State % Correct
Union, Socialist RepublicSoviet Union/USSR
93.8%
Union, Federalist RepublicUnited States of America
93.8%
EmpireJapan
92.5%
DominionCanada
91.3%
RepublicChina
91.3%
ReichGermany
91.3%
KingdomGreece
90%
KingdomItaly
90%
KingdomUnited Kingdom of Great Britain and Northern Ireland
90%
CommonwealthAustralia
88.8%
United States, RepublicBrazil
88.8%
RepublicChile
88.8%
KingdomDenmark
88.8%
RepublicFinland
88.8%
RepublicFrance
88.8%
RepublicArgentina
87.5%
KingdomBelgium
87.5%
KingdomSweden
87.5%
KingdomBulgaria
86.3%
Imperial State, Constitutional MonarchyIran
86.3%
Autocratic Military DictatorshipSpain
86.3%
RepublicColombia
85%
KingdomHungary
85%
Constitutional MonarchyIreland
85%
United States, Federal RepublicMexico
85%
KingdomNorway
85%
RepublicPortugal
85%
Republic (also called Eastern Republic)Uruguay
85%
Principality, DiarchyAndorra
83.8%
RepublicGuatemala
83.8%
KingdomNetherlands
83.8%
DominionNew Zealand
83.8%
RepublicBolivia
82.5%
RepublicCuba
82.5%
RepublicHonduras
82.5%
KingdomIraq
82.5%
Principality, Constitutional MonarchyMonaco
82.5%
RepublicNicaragua
82.5%
Status/Government Style Sovereign State % Correct
RepublicPanama
82.5%
RepublicPeru
82.5%
KingdomRomania
82.5%
RepublicTurkey
82.5%
Papal State, City StateVatican City
82.5%
United States, Federal RepublicVenezuela
82.5%
RepublicHaiti
81.3%
Principality, Constitutional MonarchyLiechtenstein
81.3%
Grand Duchy, Constitutional MonarchyLuxembourg
81.3%
KingdomYugoslavia
81.3%
RepublicEl Salvador
80%
KingdomIceland
80%
RepublicParaguay
80%
Most Serene RepublicSan Marino
80%
Union, Constitutional MonarchySouth Africa
80%
RepublicEcuador
78.8%
KingdomSaudi Arabia
78.8%
RepublicCosta Rica
77.5%
RepublicDominican Republic
77.5%
RepublicEstonia
77.5%
RepublicLatvia
77.5%
KingdomThailand
77.5%
KingdomEgypt
76.3%
RepublicLithuania
76.3%
ConfederationSwitzerland
76.3%
RepublicLiberia
75%
KingdomAfghanistan
73.8%
People's RepublicMongolia
71.3%
Mutawakkilite KingdomYemen
68.8%
KingdomNepal
61.3%
RepublicSlovakia
53.8%
Great Empire, Puppet StateManchukuo/State of Manchuria
51.3%
People's Republic, Satellite StateTannu Tuva
30%
Republic, Puppet RegimeReorganized National Government of China
12.5%
Legionary State, Fascist Dictatorship National Legionary State
11.3%
Republic, Puppet StateProvisional Government of China
8.8%
Democratic Republic, Puppet StateFinnish Democratic Republic
7.5%
Republic, Puppet RegimeReformed Government of China
6.3%

You're not logged in!

Compare scores with friends on all Sporcle quizzes.
Sign Up with Email
OR
Log In

You Might Also Like...

Show Comments

Extras

Top Quizzes Today


Score Distribution

Your Account Isn't Verified!

In order to create a playlist on Sporcle, you need to verify the email address you used during registration. Go to your Sporcle Settings to finish the process.